000 00541nam a2200181Ia 4500
999 _c33690
_d33690
003 OSt
005 20200826095713.0
008 190216s9999||||xx |||||||||||||| ||und||
040 _coclc
082 _a530
_bCHA/A
100 _aChattopadhyay, D
_94341
245 0 _aAn Advanced Course In Practical Physics /
_cD Chattopadhyay ; P C Rakshit ; B Saha
250 _a6th Ed.
260 _bBooks And Allied Pvt Ltd,
_c2000.
_aKolkata:
300 _a649p
650 _aPhysics
942 _cBK
_2ddc
_h530
_iCHA/A
_k530
_mCHA/A